Research reports. economic studies, (1994) : Volume VIII.

গ্রন্থ-পঞ্জীর বিবরন
সংস্থা লেখক: BRAC, Research and Evaluation Division
বিন্যাস: গ্রন্থ
ভাষা:English
বিষয়গুলি:
Classic Catalogue: View this record in Classic Catalogue
LEADER 01207nam a22002537a 4500
001 32507
003 BD-DhAAL
005 20240926125412.0
008 171130t1994 bg a|||| |||| 00| 0 eng d
040 |a BD-DhAAL  |c BD-DhAAL 
082 |2 22  |a 338.095492 
245 |a Research reports.  |p (1994) :  |b economic studies,  |n Volume VIII. 
264 |a Dhaka :  |b Research and Evaluation Division, BRAC Centre,  |c 1994. 
300 |a 282 pages :  |b illustrations ;  |c 30 cm. 
504 |a Includes bibliographical references 
541 |e 32507  |a RED, BRAC 
610 |a BRAC.  |9 14405 
651 |a Bangladesh  |x Economic condition.  |9 24144 
710 |a BRAC,  |9 14405  |b Research and Evaluation Division. 
852 |a Ayesha Abed Library  |c BRAC Resource Section 
942 |2 ddc  |c BK 
999 |c 38773  |d 38773 
952 |0 0  |1 0  |2 ddc  |4 0  |6 338_095492000000000_RES  |7 1  |8 RPT  |9 62194  |a BRACUL  |b BRACUL  |c BRS  |d 2017-12-07  |e RED, BRAC  |l 0  |o 338.095492 RES  |p 3010032506  |r 2017-12-07  |t 1  |w 2017-12-07  |y BK  |x RED, BRAC; Price not available in register. 
952 |0 0  |1 0  |2 ddc  |4 0  |6 338_095492000000000_RES  |7 1  |8 RPT  |9 62195  |a BRACUL  |b BRACUL  |c BRS  |d 2017-12-07  |e RED, BRAC  |l 0  |o 338.095492 RES  |p 3010032507  |r 2017-12-07  |t 2  |w 2017-12-07  |y BK  |x RED, BRAC; Price not available in register.